| Поле | Название | Значение |
| |
Тип записи |
a |
| |
Библиографический уровень |
m |
| 001 |
Контрольный номер |
3ba942e66a8c4c688ff5f217d5a978a1 |
| 005 |
Дата корректировки |
20160215090657.7 |
| 010 |
Индекс ISBN |
__ |
| a |
ISBN |
978-5-9916-2026-9 |
| 200 |
Заглавие и сведения об ответственности |
1_ |
| a |
Заглавие |
Внешнеэкономическая деятельность |
| e |
Сведения, относящиеся к заглавию |
учеб. для бакалавров |
| f |
Первые сведения об ответственности |
Е. Ф. Прокушев, А.А.Костин |
| b |
Общее обозначение материала |
Текст |
| g |
Последующие сведения об ответственности |
под ред. Е.Ф.Прокушева |
| 205 |
Сведения об издании |
__ |
| a |
Основные сведения об издании |
8-е изд., перераб. и доп. |
| 210 |
Выходные данные |
1_ |
| c |
Издательство |
Юрайт |
| a |
Место издания |
Москва |
| d |
Дата издания |
2012 |
| 215 |
Физическое описание |
__ |
| a |
Объем |
527 с. |
| 225 |
Серия |
2_ |
| a |
Серия |
Бакалавр. Базовый курс. |
| 610 |
Ключевые слова |
0_ |
| a |
Ключевые слова |
внешнеэкономическая деятельность |
| 610 |
Ключевые слова |
0_ |
| a |
Ключевые слова |
Россия |
| 610 |
Ключевые слова |
0_ |
| a |
Ключевые слова |
таможенное дело |
| 610 |
Ключевые слова |
0_ |
| a |
Ключевые слова |
Инкотермс |
| 610 |
Ключевые слова |
0_ |
| a |
Ключевые слова |
транспортное обеспечение |
| 610 |
Ключевые слова |
0_ |
| a |
Ключевые слова |
маркетинг во внешнеэкономической деятельности |
| 610 |
Ключевые слова |
0_ |
| a |
Ключевые слова |
перевозки |
| 610 |
Ключевые слова |
0_ |
| a |
Ключевые слова |
иностранные инвестиции |
| 610 |
Ключевые слова |
0_ |
| a |
Ключевые слова |
внешнеторговые сделки |
| 610 |
Ключевые слова |
0_ |
| a |
Ключевые слова |
внешнеторговые операции |
| 610 |
Ключевые слова |
0_ |
| a |
Ключевые слова |
факторинг |
| 610 |
Ключевые слова |
0_ |
| a |
Ключевые слова |
производственная кооперация |
| 610 |
Ключевые слова |
0_ |
| a |
Ключевые слова |
бартерные сделки |
| 610 |
Ключевые слова |
0_ |
| a |
Ключевые слова |
международная торговля |
| 610 |
Ключевые слова |
0_ |
| a |
Ключевые слова |
финансовый лизинг |
| 610 |
Ключевые слова |
0_ |
| a |
Ключевые слова |
торгово-посреднические операции |
| 610 |
Ключевые слова |
0_ |
| a |
Ключевые слова |
биржевая торговля |
| 610 |
Ключевые слова |
0_ |
| a |
Ключевые слова |
международные расчеты |
| 610 |
Ключевые слова |
0_ |
| a |
Ключевые слова |
валютный рынок |
| 610 |
Ключевые слова |
0_ |
| a |
Ключевые слова |
учебник |
| a |
Ключевые слова |
гриф |
| 686 |
Индексы других классификаций |
__ |
| a |
Классификационный индекс |
65.9(2)8я73 |
| 2 |
Код системы |
rubbk |
| 700 |
Автор |
_1 |
| a |
Фамилия |
Прокушев |
| b |
Имя |
Е. Ф. |
| g |
Полное личное имя |
Евгений Федорович |
| 701 |
Альтернативная интеллектуальная ответственность |
_1 |
| a |
Фамилия |
Костин |
| b |
Имя |
А. А. |
| g |
Полное личное имя |
Алексей Александрович |
| e |
Роль лиц |
Автор |
| 801 |
Источник записи |
_0 |
| a |
Страна |
RU |
| b |
Организация |
РУК |
| g |
Правила каталогизации |
PSBO |
| 801 |
Источник записи |
_1 |
| a |
Страна |
RU |
| b |
Организация |
РУК |
| c |
Дата составления |
20160126 |
| g |
Правила каталогизации |
PSBO |
| 852 |
Данные о местонахождении |
__ |
| i |
Авторский знак |
П80 |
| j |
Шифр хранения |
ББК 65.9(2)8 |
| 901 |
Тип документа |
__ |
| t |
Тип документа |
m |
| 937 |
Технологическая информация |
__ |
| a |
Создатель записи (имя) |
Мясникова |
| 938 |
Служебная информация |
__ |
| a |
Название организации |
Головной вуз |
| 952 |
Тип литературы |
__ |
| b |
Гриф литературы для ВШ |
гриф МО |
| c |
Вид литературы |
учебник |